Common LISP programming for artificial intelligence

Bibliographic Details
Main Authors: Fiby, Rudolf, 1946-2014 (Author), Hasemer, T. (Author), Domingue, J. (Author)
Format: Article
Language:English
Subjects:

MARC

LEADER 00000nab a2200000 a 4500
001 vtls000448004
003 SK-MaSNL
005 20260318122608.0
008 230217c1991 xo 0 eng
015 |a SNBRB19rr/mm-uuuuu 
035 |a CL0448135 
035 |a urn:nbn:sk:snk-ab1q5u 
035 |a (urnnbn)urn:nbn:sk:snk:ar-004y0p 
035 |a (uuid)29a70239-4b30-4078-8e8c-3e95053a189d 
040 |a SNKBUCL  |b slo  |c SNKBUCL  |e AACR2 
041 0 |a eng 
044 |a xo  |c SK 
080 |a 519.682:007.5  |2 1981 
080 |a 007.5  |2 1981 
100 1 |a Fiby, Rudolf,  |d 1946-2014  |4 aut  |9 40392 
245 1 0 |a Common LISP programming for artificial intelligence  |c Rudolf Fiby 
650 0 7 |a umelá inteligencia  |2 snkbucl  |9 1830 
650 0 7 |a programovacie jazyky  |2 snkbucl  |9 1838 
650 0 7 |a LISP (jazyk programovací)  |2 snkbucl  |9 1155486 
655 7 |a články z novín a časopisov  |2 snkbucl  |9 267496 
700 1 |a Hasemer, T.  |4 aut  |9 1542043 
700 1 |a Domingue, J.  |4 aut  |9 1542044 
773 0 |t Computers and artificial intelligence  |g Roč. 10, č. 1 (1991), s. 93-94 
787 0 8 |i Rec.:  |a Hasemer, T.  |t Common LISP Programming for Artificial Intelligence  |d Reading, Massachusetts : Addison-Wesley Publ. Comp., 1989 
850 |a Slovenská národná knižnica v Martine  |a MTA001 
852 |a SNK  |b KIS3GCP 
958 |a RK 
958 |a OND 
958 |a EUIPO 
958 |a article27 
992 |a RBX 
999 |c 3127075  |d 3129005